| 000 | 01469nam a22003737a 4500 | ||
|---|---|---|---|
| 001 | 00287 | ||
| 003 | DO-SdBNP | ||
| 005 | 20180312135149.0 | ||
| 007 | 00287 | ||
| 008 | 160427b dr 2004||||| |||| 00| 0 spa d | ||
| 020 | _a9789993498681 (v. 3) | ||
| 020 | _a9788482616568 (v. 3) Cuaderno | ||
| 020 | _a9788482616667 (v. 3) Álbum | ||
| 040 |
_aBPMSU _bspa _cBPMSU |
||
| 092 |
_a372.257 _bG934n 3ro. 2004 |
||
| 100 | 1 | _aGuerrero, Ángela | |
| 245 | 1 |
_aNaturaleza 3 : _beducación básica / _cÁngela Guerrero , Raquel Rodríguez ; dirección editorial Obdulia García de Escobar ; editora Claudia Llibre |
|
| 300 |
_a3 v. : _bil. retrs. _c28 cm. |
||
| 490 | _aÁmbar | ||
| 505 |
_tFuerza y energía -- _t¡A comer sano! -- _tMi cuerpo trabaja -- _tA mover el esqueleto -- _tElectricidad y magnetismo -- _tEl sonido -- _tUna vida sana, sana ... -- _tTecnología para la salud . |
||
| 650 | 4 |
_aCIENCIAS NATURALES _xENSEÑANZA BÁSICA |
|
| 650 | 4 |
_aCIENCIAS NATURALES _xLIBROS DE TEXTOS |
|
| 650 | 4 |
_aCIENCIAS NATURALES _xESTUDIOS Y EJERCICIOS |
|
| 650 | 4 |
_aCIENCIAS NATURALES _xEDUCACIÓN PRIMARIA |
|
| 650 | 4 |
_aEDUCACIÓN PRIMARIA _zREPÚBLICA DOMINICANA |
|
| 700 | 1 | 2 | _aRodríguez, Raquel |
| 700 | 1 | 2 |
_aGarcía de Escobar, Obdulia, _e ed. |
| 700 | 1 | 2 |
_aLlibre, Claudia, _eed. |
| 830 | 0 | _aÁmbar | |
| 910 | _aValidado. Control de calidad MFF | ||
| 942 |
_2ddc _cBK |
||
| 945 | _aRemanejado para la BNPHU / 2018 VM | ||
| 956 |
_aBTAVÁREZ _b10 _c20160429 _d00287 |
||
| 999 |
_c9942 _d9942 |
||